[Event "35th European Club Cup 2019"]
[Site "Ulcinj"]
[Date "2019.11.13"]
[Round "4.21"]
[White "Sokolov, Andrei"]
[Black "Gibicar, Danijel"]
[Result "1-0"]
[WhiteElo "2497"]
[BlackElo "2229"]
[Annotator "ChessBase"]
[PlyCount "48"]
[EventDate "2019.11.10"]
[EventType "team-tourn"]
[EventCountry "MNE"]
[SourceTitle "playchess.com"]
[Source "ChessBase"]
[SourceQuality "1"]
[WhiteTeam "Mulhouse"]
[BlackTeam "De Sprenger Echternach"]
[TimeControl "40/5400+30:1800+30"]

1. e4 e6 2. d4 d5 3. Nd2 a6 4. Bd3 c5 5. dxc5 Bxc5 6. Ngf3 Nc6 7. O-O Nge7 8. exd5 Nxd5 9. Ne4 Be7 10. c3 {[%emt 0:16:40]} O-O {[%emt 0:27:41]} 11. Re1 {[%emt 0:00:30]} h6 {[%emt 0:16:28]} 12. Bc2 {[%emt 0:08:34]} Qc7 {[%emt 0:00:30]} 13. Ng3 {[%emt 0:02:12]} Nf6 {[%emt 0:04:57]} 14. Qe2 {[%emt 0:24:18]} Bd7 {[%emt 0:10:46]} 15. Be3 {[%emt 0:00:30]} Rfe8 {[%emt 0:11:20]} 16. Rad1 {[%emt 0:03:07]} Rad8 {[%emt 0:06:58]} 17. h3 {[%emt 0:14:01]} e5 {[%emt 0:00:30]} 18. Ne4 {[%emt 0:01:02]} Be6 {[%emt 0:05:00]} 19. Nxf6+ {[%emt 0:01:22]} Bxf6 {[%emt 0:00:30]} 20. Nh2 {[%emt 0:00:30]} Rxd1 {[%emt 0:05:59]} 21. Qxd1 {[%emt 0:01:30]} Qd7 {[%emt 0:00:39]} 22. Qh5 {[%emt 0:03:41]} Qe7 {[%emt 0:03:50]} 23. Ng4 {[%emt 0:04:32]} Bg5 24. a3 {[%emt 0:10:44]} Bc4 {[%emt 0:04:33]} 1-0

[Event "35th European Club Cup 2019"]
[Site "Ulcinj"]
[Date "2019.11.13"]
[Round "4.22"]
[White "Csonka, Attila Istvan"]
[Black "Bartos, Jan"]
[Result "1/2-1/2"]
[WhiteElo "2348"]
[BlackElo "2136"]
[Annotator "NA"]
[PlyCount "90"]
[EventDate "2019.11.10"]
[EventType "team-tourn"]
[EventCountry "MNE"]
[SourceTitle "playchess.com"]
[Source "ChessBase"]
[SourceQuality "1"]
[WhiteTeam "Dunajska Streda"]
[BlackTeam "Unichess"]
[TimeControl "40/5400+30:1800+30"]

1. e4 c6 2. d4 d5 3. Nc3 dxe4 {[%emt 0:00:00]} 4. Nxe4 {[%emt 0:00:00]} Nf6 {[%emt 0:00:17]} 5. Ng3 {[%emt 0:00:15]} c5 {[%emt 0:04:19]} 6. Nf3 {[%emt 0:00:12]} Nc6 {[%emt 0:02:14]} 7. Be3 {[%emt 0:00:14]} cxd4 {[%emt 0:01:06]} 8. Nxd4 {[%emt 0:06:52]} Bd7 {[%emt 0:05:46]} 9. Nxc6 {[%emt 0:00:11]} Bxc6 {[%emt 0:00:11]} 10. Qxd8+ {[%emt 0:03:57]} Kxd8 {[%emt 0:00:52]} 11. O-O-O+ {[%emt 0:00:33]} Nd7 {[%emt 0:00:00]} 12. Nf5 {[%emt 0:00:30]} e5 {[%emt 0:00:00]} 13. Bc4 {[%emt 0:11:08]} f6 {[%emt 0:02:51]} 14. Rd2 {[%emt 0:01:50]} Kc7 {[%emt 0:01:36]} 15. Rhd1 {[%emt 0:04:03]} Nb6 {[%emt 0:15:01]} 16. Bb3 {[%emt 0:00:20]} Be4 {[%emt 0:17:06]} 17. Bxb6+ {[%emt 0:02:53]} Kxb6 {[%emt 0:00:28]} 18. Ne3 {[%emt 0:01:22]} Bc5 {[%emt 0:13:24]} 19. Rd7 {[%emt 0:03:04]} Bxe3+ {[%emt 0:03:59]} 20. fxe3 {[%emt 0:00:05]} Bxg2 {[%emt 0:00:21]} 21. Rxg7 {[%emt 0:00:20]} Bc6 {[%emt 0:00:18]} 22. Rd6 {[%emt 0:01:01]} f5 {[%emt 0:00:30]} 23. Rf6 {[%emt 0:01:15]} f4 {[%emt 0:02:59]} 24. exf4 {[%emt 0:00:24]} exf4 {[%emt 0:00:06]} 25. Rxf4 {[%emt 0:00:06]} Rae8 {[%emt 0:00:26]} 26. Ba4 {[%emt 0:04:03]} Re2 {[%emt 0:04:24]} 27. Bxc6 {[%emt 0:01:00]} bxc6 {[%emt 0:00:08]} 28. Rb4+ {[%emt 0:01:36]} Kc5 {[%emt 0:00:45]} 29. Rh4 {[%emt 0:00:05]} Rf8 {[%emt 0:01:21]} 30. b4+ {[%emt 0:00:07]} Kb6 {[%emt 0:00:20]} 31. a4 {[%emt 0:03:08]} Rff2 {[%emt 0:04:49]} 32. Rc4 {[%emt 0:00:07]} Rxh2 {[%emt 0:00:22]} 33. a5+ {[%emt 0:02:46]} Kb5 {[%emt 0:00:35]} 34. Rc3 {[%emt 0:00:05]} Kxb4 {[%emt 0:01:02]} 35. Kb2 {[%emt 0:00:07]} Kxa5 {[%emt 0:03:19]} 36. Rb7 {[%emt 0:00:29]} Ka6 {[%emt 0:00:09]} 37. Rb8 {[%emt 0:00:21]} Re5 {[%emt 0:00:22]} 38. Rxc6+ {[%emt 0:01:28]} Ka5 {[%emt 0:00:06]} 39. Ka3 {[%emt 0:02:18]} Rb5 {[%emt 0:01:46]} 40. Ra8 {[%emt 0:00:00]} Rb7 {[%emt 0:00:00]} 41. Rc5+ {[%emt 0:01:46]} Ka6 {[%emt 0:05:15]} 42. Rc6+ {[%emt 0:02:17]} Rb6 {[%emt 0:00:48]} 43. Rc7 {[%emt 0:00:04]} Rb7 {[%emt 0:00:06]} 44. Rc6+ {[%emt 0:00:35]} Rb6 {[%emt 0:00:07]} 45. Rc7 {[%emt 0:00:05]} Rb7 {[%emt 0:00:04]} 1/2-1/2

[Event "35th European Club Cup 2019"]
[Site "Ulcinj"]
[Date "2019.11.13"]
[Round "4.23"]
[White "Lamser, Jan"]
[Black "Meszaros, Michal"]
[Result "0-1"]
[WhiteElo "2134"]
[BlackElo "2355"]
[Annotator "NA"]
[PlyCount "44"]
[EventDate "2019.11.10"]
[EventType "team-tourn"]
[EventCountry "MNE"]
[SourceTitle "playchess.com"]
[Source "ChessBase"]
[SourceQuality "1"]
[WhiteTeam "Unichess"]
[BlackTeam "Dunajska Streda"]
[TimeControl "40/5400+30:1800+30"]

1. Nf3 {[%emt 0:00:00]} c5 {[%emt 0:00:27]} 2. e3 {[%emt 0:00:21]} g6 {[%emt 0:00:59]} 3. d4 {[%emt 0:00:24]} Bg7 {[%emt 0:00:41]} 4. Bd3 {[%emt 0:02:02]} Nf6 {[%emt 0:04:08]} 5. O-O {[%emt 0:02:54]} O-O {[%emt 0:01:17]} 6. c3 {[%emt 0:00:54]} d6 {[%emt 0:10:03]} 7. dxc5 {[%emt 0:01:09]} dxc5 {[%emt 0:00:38]} 8. Qe2 {[%emt 0:00:46]} Qc7 {[%emt 0:06:14]} 9. Nbd2 {[%emt 0:01:24]} Nc6 {[%emt 0:02:06]} 10. Rd1 {[%emt 0:03:17]} a6 {[%emt 0:09:45]} 11. Ne4 {[%emt 0:05:37]} Nd7 {[%emt 0:05:01]} 12. c4 {[%emt 0:01:23]} b6 {[%emt 0:07:34]} 13. Nc3 {[%emt 0:06:51]} e6 {[%emt 0:02:15]} 14. Bd2 {[%emt 0:00:58]} Bb7 {[%emt 0:00:44]} 15. Rac1 {[%emt 0:00:26]} Rad8 {[%emt 0:04:52]} 16. Be1 {[%emt 0:05:54]} h6 {[%emt 0:02:58]} 17. h4 {[%emt 0:05:46]} f5 {[%emt 0:01:42]} 18. e4 {[%emt 0:01:55]} f4 {[%emt 0:06:10]} 19. e5 {[%emt 0:02:00]} Nd4 {[%emt 0:06:17]} 20. Nxd4 {[%emt 0:00:36]} cxd4 {[%emt 0:00:05]} 21. Ne4 {[%emt 0:04:07]} f3 {[%emt 0:00:28]} 22. gxf3 {[%emt 0:00:49]} Nxe5 {[%emt 0:00:55]} 0-1

[Event "35th European Club Cup 2019"]
[Site "Ulcinj"]
[Date "2019.11.13"]
[Round "4.24"]
[White "Gnichtel, Gerd"]
[Black "Richard, Emma"]
[Result "1/2-1/2"]
[WhiteElo "2134"]
[BlackElo "2157"]
[Annotator "NA"]
[PlyCount "93"]
[EventDate "2019.11.10"]
[EventType "team-tourn"]
[EventCountry "MNE"]
[SourceTitle "playchess.com"]
[Source "ChessBase"]
[SourceQuality "1"]
[WhiteTeam "De Sprenger Echternach"]
[BlackTeam "Mulhouse"]
[TimeControl "40/5400+30:1800+30"]

1. d4 {[%emt 0:00:00]} Nf6 {[%emt 0:00:00]} 2. c4 {[%emt 0:00:30]} e6 {[%emt 0:00:08]} 3. Nf3 {[%emt 0:00:30]} Bb4+ {[%emt 0:00:30]} 4. Bd2 {[%emt 0:00:30]} a5 {[%emt 0:00:30]} 5. g3 {[%emt 0:00:30]} d6 {[%emt 0:00:30]} 6. Bg2 {[%emt 0:00:30]} Nbd7 {[%emt 0:00:30]} 7. O-O {[%emt 0:00:30]} e5 {[%emt 0:14:01]} 8. e3 {[%emt 0:17:06]} c6 {[%emt 0:14:07]} 9. Qc2 {[%emt 0:04:32]} e4 {[%emt 0:07:10]} 10. Ng5 {[%emt 0:06:41]} d5 11. cxd5 {[%emt 0:02:35]} cxd5 {[%emt 0:04:02]} 12. f3 {[%emt 0:01:24]} h6 {[%emt 0:00:54]} 13. Nh3 {[%emt 0:01:11]} exf3 {[%emt 0:01:02]} 14. Bxf3 {[%emt 0:00:59]} Nb6 {[%emt 0:11:50]} 15. Nf4 {[%emt 0:01:33]} O-O {[%emt 0:02:55]} 16. Bxb4 {[%emt 0:13:37]} axb4 {[%emt 0:00:07]} 17. Qc5 {[%emt 0:00:49]} b3 {[%emt 0:15:07]} 18. Nc3 {[%emt 0:01:36]} bxa2 {[%emt 0:04:54]} 19. Rxa2 {[%emt 0:07:18]} Rxa2 {[%emt 0:00:38]} 20. Nxa2 {[%emt 0:00:02]} g5 {[%emt 0:10:26]} 21. Nh5 {[%emt 0:14:25]} Nxh5 {[%emt 0:01:10]} 22. Bxh5 {[%emt 0:00:25]} Nc4 {[%emt 0:00:38]} 23. Bf3 {[%emt 0:04:50]} Be6 {[%emt 0:06:56]} 24. Nc3 {[%emt 0:01:19]} Nxe3 {[%emt 0:00:16]} 25. Re1 {[%emt 0:00:28]} b6 {[%emt 0:01:24]} 26. Qb5 {[%emt 0:01:02]} Nc2 {[%emt 0:01:21]} 27. Rd1 {[%emt 0:00:17]} Qf6 {[%emt 0:00:28]} 28. Bxd5 {[%emt 0:06:35]} Nxd4 {[%emt 0:01:44]} 29. Qxb6 {[%emt 0:00:13]} Nf3+ {[%emt 0:00:24]} 30. Kh1 {[%emt 0:01:50]} Ne5 {[%emt 0:00:40]} 31. Bg2 {[%emt 0:00:20]} Nc4 {[%emt 0:00:24]} 32. Qc6 {[%emt 0:08:14]} Rc8 {[%emt 0:00:34]} 33. Nd5 {[%emt 0:00:33]} Qd8 {[%emt 0:00:13]} 34. Qb7 {[%emt 0:00:42]} Kg7 {[%emt 0:00:41]} 35. b3 {[%emt 0:00:44]} Nd6 {[%emt 0:00:43]} 36. Qb4 {[%emt 0:00:18]} Nf5 {[%emt 0:00:14]} 37. Qe1 {[%emt 0:03:10]} Bxd5 {[%emt 0:00:25]} 38. Rxd5 {[%emt 0:00:27]} Qf6 {[%emt 0:00:04]} 39. Rd1 {[%emt 0:00:42]} Qc3 {[%emt 0:00:33]} 40. Qxc3+ {[%emt 0:00:00]} Rxc3 {[%emt 0:00:00]} 41. Rb1 {[%emt 0:02:18]} Ne3 {[%emt 0:09:36]} 42. b4 {[%emt 0:03:26]} Nc4 {[%emt 0:05:15]} 43. Kg1 {[%emt 0:02:06]} Na3 {[%emt 0:07:20]} 44. Rb2 {[%emt 0:01:44]} Nc4 {[%emt 0:00:39]} 45. Rb1 {[%emt 0:00:54]} Na3 {[%emt 0:00:14]} 46. Rb2 {[%emt 0:03:33]} Nc4 {[%emt 0:00:06]} 47. Rb1 {[%emt 0:01:13]} 1/2-1/2

[Event "35th European Club Cup 2019"]
[Site "Ulcinj"]
[Date "2019.11.13"]
[Round "4.25"]
[White "Sjugirov, Sanan"]
[Black "Berkes, Ferenc"]
[Result "1-0"]
[WhiteElo "2657"]
[BlackElo "2647"]
[Annotator "TA"]
[PlyCount "91"]
[EventDate "2019.11.10"]
[EventType "team-tourn"]
[EventCountry "MNE"]
[SourceTitle "playchess.com"]
[Source "ChessBase"]
[SourceQuality "1"]
[WhiteTeam "Law & Order"]
[BlackTeam "WorldTradingLab Club"]

{[%evp 15,91,19,16,-33,67,81,95,85,133,121,118,104,111,120,114,126,110,106,142,70,64,61,56,57,52,55,62,0,0,0,8,12,12,0,17,17,31,25,39,38,139,113,129,129,124,137,276,272,327,329,312,314,600,575,848,856,908,719,622,424,417,408,1030,877,1350,1238,867,833,821,811,737,718,822,772,1102,1252,864,807]} 1. d4 d5 2. c4 e6 3. Nf3 Nf6 4. Nc3 Be7 5. Bg5 Nbd7 6. Qc2 h6 7. Bf4 c6 8. e3 O-O 9. g4 {D61: Queen's Gambit Declined: Classical: 7 Qc2} (9. a3 b6 10. Bd3 Bb7 11. Rd1 Re8 12. O-O Nf8 13. Qe2 Nh5 14. Be5 f6 15. Bg3 Nxg3 16. hxg3 Rc8 {½-½ (62) Dao,T (2512)-Gunbayar,M (2334) Tagaytay City 2011}) 9... b5 $146 ({Black should try} 9... dxc4 $1 $15 10. g5 hxg5 11. Nxg5 b5) ({Predecessor:} 9... Re8 10. g5 hxg5 11. Nxg5 Nf8 12. h4 dxc4 13. Bxc4 Nd5 14. O-O-O Qa5 15. Kb1 b5 16. Nxd5 cxd5 {1-0 (35) Castro Rojas,O (2375)-Martinez,J (2166) Medellin 2012}) 10. cxb5 $14 cxb5 11. Bxb5 {White is better.} Bb7 12. g5 hxg5 13. Nxg5 Ne4 14. Ngxe4 dxe4 15. Rg1 Rc8 16. Qe2 f5 17. Bxd7 (17. O-O-O $16 {aiming for Rxg7+!} Nf6 18. Kb1) 17... Qxd7 18. Be5 Rf7 19. Rg3 Bd6 20. Rd1 Qc7 21. Qb5 (21. Bxd6 $14 Qxd6 22. Qh5) 21... Bxe5 $11 22. Qxe5 Qxe5 23. dxe5 Ba6 $1 24. Rd6 Bc4 25. Kd2 Rfc7 26. f3 $36 {[%mdl 2048] White fights for an advantage.} exf3 27. Rxf3 Bxa2 (27... a5 $14) 28. Nxa2 $16 {Strongly threatening Kd3.} Rc2+ 29. Kd3 Rxb2 {[#]} 30. Ra6 $1 Rxh2 (30... Rb5 $16) 31. Nc3 $18 ({Weaker is} 31. Rxe6 Rxa2 32. Rxf5 Ra3+ 33. Kd4 Rb8 $11) (31. Rxa7 g5 $16) 31... Rb2 {[#] ...Rb3 would now be nice for Black.} 32. Rf4 $1 Rb6 33. Rxa7 Rc5 $2 (33... Rbb8 34. Rc4 Rxc4 35. Kxc4 Rc8+ 36. Kb4 g5) 34. Rc4 Rxc4 35. Kxc4 {[%mdl 4096] Endgame KRN-KR} g5 36. Nb5 Rc6+ 37. Kd4 g4 38. Nc3 Rb6 (38... g3 $142 39. Ra2 Rc7) 39. Kc5 {White is clearly winning.} Rb2 40. Ra2 Rb3 41. Kc4 Rb8 42. Ne2 Rc8+ 43. Kb4 Kf7 44. Ra7+ Ke8 45. Rh7 Rc2 46. Nd4 {Accuracy: White = 73%, Black = 35%.} 1-0

[Event "35th European Club Cup 2019"]
[Site "Ulcinj"]
[Date "2019.11.13"]
[Round "4.26"]
[White "Basso, Pier Luigi"]
[Black "Alekseev, Evgeny"]
[Result "1-0"]
[WhiteElo "2563"]
[BlackElo "2623"]
[Annotator "ChessBase"]
[PlyCount "129"]
[EventDate "2019.11.10"]
[EventType "team-tourn"]
[EventCountry "MNE"]
[SourceTitle "playchess.com"]
[Source "ChessBase"]
[SourceQuality "1"]
[WhiteTeam "WorldTradingLab Club"]
[BlackTeam "Law & Order"]
[TimeControl "40/5400+30:1800+30"]

1. d4 {[%emt 0:00:00]} Nf6 {[%emt 0:00:00]} 2. c4 {[%emt 0:00:00]} e6 {[%emt 0:00:00]} 3. Nf3 {[%emt 0:00:00]} d5 {[%emt 0:00:00]} 4. Nc3 {[%emt 0:00:00]} Bb4 {[%emt 0:00:15]} 5. cxd5 {[%emt 0:00:00]} exd5 {[%emt 0:00:21]} 6. Bg5 {[%emt 0:00:01]} h6 {[%emt 0:04:41]} 7. Bh4 {[%emt 0:01:14]} O-O {[%emt 0:00:20]} 8. e3 {[%emt 0:00:06]} Bf5 {[%emt 0:00:25]} 9. Be2 {[%emt 0:00:35]} Nbd7 {[%emt 0:01:36]} 10. Qb3 {[%emt 0:00:08]} Bxc3+ {[%emt 0:00:51]} 11. Qxc3 {[%emt 0:00:09]} c6 {[%emt 0:01:49]} 12. Nd2 {[%emt 0:00:40]} Ne4 {[%emt 0:06:09]} 13. Bxd8 {[%emt 0:01:10]} Nxc3 {[%emt 0:00:17]} 14. bxc3 {[%emt 0:00:14]} Rfxd8 {[%emt 0:03:54]} 15. a4 {[%emt 0:00:14]} Rac8 {[%emt 0:08:55]} 16. Nf1 {[%emt 0:02:18]} c5 {[%emt 0:05:59]} 17. Ng3 {[%emt 0:00:18]} Bh7 {[%emt 0:07:11]} 18. Kd2 {[%emt 0:01:41]} Nf6 {[%emt 0:11:07]} 19. f3 {[%emt 0:04:40]} Ne8 {[%emt 0:07:50]} 20. a5 {[%emt 0:05:23]} Rc7 {[%emt 0:06:26]} 21. Ra3 {[%emt 0:02:35]} Nd6 {[%emt 0:05:23]} 22. Rha1 {[%emt 0:12:38]} Bg6 {[%emt 0:05:17]} 23. h4 {[%emt 0:12:52]} Re8 {[%emt 0:03:59]} 24. h5 {[%emt 0:01:40]} Bh7 {[%emt 0:00:26]} 25. Ra4 {[%emt 0:06:43]} Kf8 {[%emt 0:02:08]} 26. Bf1 {[%emt 0:01:19]} Re6 {[%emt 0:02:55]} 27. dxc5 {[%emt 0:04:31]} Rxc5 {[%emt 0:00:20]} 28. Rb4 {[%emt 0:00:02]} Re7 {[%emt 0:05:09]} 29. Rd4 {[%emt 0:05:13]} Rec7 {[%emt 0:01:38]} 30. e4 {[%emt 0:01:34]} Rxc3 {[%emt 0:00:53]} 31. Rxd5 {[%emt 0:01:02]} Ke7 {[%emt 0:00:54]} 32. Bd3 {[%emt 0:04:03]} Rb3 {[%emt 0:03:21]} 33. Ra2 {[%emt 0:03:00]} f6 {[%emt 0:04:15]} 34. Rc2 {[%emt 0:03:42]} Rc6 {[%emt 0:01:32]} 35. Rxc6 {[%emt 0:06:09]} bxc6 {[%emt 0:00:01]} 36. Rc5 {[%emt 0:00:06]} Kd7 {[%emt 0:00:33]} 37. Ne2 {[%emt 0:01:00]} Nb5 {[%emt 0:01:07]} 38. Bxb5 {[%emt 0:04:54]} Rxb5 {[%emt 0:00:24]} 39. Rxb5 {[%emt 0:01:06]} cxb5 {[%emt 0:00:01]} 40. Kc3 {[%emt 0:00:00]} Kd6 {[%emt 0:00:00]} 41. Nd4 {[%emt 0:04:26]} a6 {[%emt 0:06:16]} 42. Kb4 {[%emt 0:00:27]} g6 {[%emt 0:01:47]} 43. hxg6 {[%emt 0:03:18]} Bxg6 {[%emt 0:01:06]} 44. Nb3 {[%emt 0:00:10]} f5 {[%emt 0:02:41]} 45. e5+ {[%emt 0:11:00]} Kxe5 {[%emt 0:00:09]} 46. Nc5 {[%emt 0:00:04]} h5 {[%emt 0:03:55]} 47. Nxa6 {[%emt 0:00:48]} h4 {[%emt 0:00:04]} 48. Nc5 {[%emt 0:05:20]} Be8 {[%emt 0:04:43]} 49. a6 Bc6 50. Nd3+ {[%emt 0:04:22]} Kd4 {[%emt 0:04:14]} 51. Nf4 {[%emt 0:00:14]} Ke3 {[%emt 0:00:23]} 52. Ng6 {[%emt 0:06:19]} h3 {[%emt 0:01:16]} 53. gxh3 {[%emt 0:00:04]} Bxf3 {[%emt 0:00:43]} 54. h4 {[%emt 0:00:06]} f4 {[%emt 0:04:01]} 55. a7 {[%emt 0:00:26]} Ba8 {[%emt 0:01:35]} 56. h5 {[%emt 0:00:53]} f3 {[%emt 0:00:36]} 57. Ne5 {[%emt 0:00:06]} f2 {[%emt 0:00:39]} 58. Ng4+ {[%emt 0:00:04]} Kf4 {[%emt 0:00:05]} 59. Nxf2 {[%emt 0:00:04]} Kg5 {[%emt 0:00:03]} 60. Kxb5 {[%emt 0:00:20]} Kxh5 {[%emt 0:00:02]} 61. Kb6 {[%emt 0:00:12]} Kg6 {[%emt 0:00:16]} 62. Kc7 {[%emt 0:00:27]} Kf6 {[%emt 0:00:35]} 63. Kb8 {[%emt 0:01:37]} Bg2 {[%emt 0:00:05]} 64. Nd3 {[%emt 0:00:04]} Ke7 {[%emt 0:00:05]} 65. Nc5 {[%emt 0:00:06]} 1-0

[Event "35th European Club Cup 2019"]
[Site "Ulcinj"]
[Date "2019.11.13"]
[Round "4.27"]
[White "Rakhmanov, Aleksandr"]
[Black "Lopez Martinez, Josep Manuel"]
[Result "1-0"]
[WhiteElo "2638"]
[BlackElo "2567"]
[Annotator "ChessBase"]
[PlyCount "89"]
[EventDate "2019.11.10"]
[EventType "team-tourn"]
[EventCountry "MNE"]
[SourceTitle "playchess.com"]
[Source "ChessBase"]
[SourceQuality "1"]
[WhiteTeam "Law & Order"]
[BlackTeam "WorldTradingLab Club"]
[TimeControl "40/5400+30:1800+30"]

1. Nf3 {[%emt 0:00:00]} e6 {[%emt 0:01:00]} 2. g3 {[%emt 0:00:43]} d5 {[%emt 0:03:29]} 3. Bg2 {[%emt 0:00:49]} Nf6 {[%emt 0:00:24]} 4. b3 {[%emt 0:02:26]} Be7 {[%emt 0:01:48]} 5. Bb2 {[%emt 0:01:08]} O-O {[%emt 0:02:24]} 6. c4 {[%emt 0:00:37]} b6 {[%emt 0:02:35]} 7. O-O {[%emt 0:03:18]} Bb7 {[%emt 0:00:42]} 8. e3 {[%emt 0:01:24]} c5 {[%emt 0:02:18]} 9. Nc3 {[%emt 0:03:15]} dxc4 {[%emt 0:03:42]} 10. bxc4 {[%emt 0:00:23]} Nc6 {[%emt 0:00:39]} 11. Qe2 {[%emt 0:00:22]} Rc8 {[%emt 0:07:39]} 12. Rad1 {[%emt 0:01:55]} Qc7 {[%emt 0:01:50]} 13. Ne1 {[%emt 0:04:33]} Rfd8 {[%emt 0:04:19]} 14. f4 {[%emt 0:00:57]} Nb4 {[%emt 0:00:52]} 15. Bxb7 {[%emt 0:07:44]} Qxb7 {[%emt 0:00:23]} 16. a3 {[%emt 0:02:42]} Nc6 {[%emt 0:00:27]} 17. g4 {[%emt 0:05:16]} a6 {[%emt 0:05:54]} 18. Ng2 {[%emt 0:06:05]} b5 {[%emt 0:03:56]} 19. g5 {[%emt 0:03:36]} Ne8 {[%emt 0:02:10]} 20. cxb5 {[%emt 0:00:27]} axb5 {[%emt 0:00:28]} 21. Nxb5 {[%emt 0:05:29]} c4 {[%emt 0:08:51]} 22. a4 {[%emt 0:01:02]} Nb4 {[%emt 0:00:57]} 23. h4 {[%emt 0:04:38]} Qa8 {[%emt 0:03:03]} 24. f5 {[%emt 0:01:46]} exf5 {[%emt 0:01:11]} 25. Rxf5 {[%emt 0:01:55]} Nd6 {[%emt 0:08:33]} 26. Nxd6 {[%emt 0:02:41]} Rxd6 {[%emt 0:00:15]} 27. Qf1 {[%emt 0:20:03]} Nd5 {[%emt 0:17:09]} 28. Bxg7 {[%emt 0:09:53]} Kxg7 {[%emt 0:04:47]} 29. Rxf7+ {[%emt 0:00:06]} Kg8 {[%emt 0:00:07]} 30. Qf5 {[%emt 0:00:11]} Rg6 {[%emt 0:00:39]} 31. h5 {[%emt 0:01:33]} Nxe3 {[%emt 0:01:41]} 32. dxe3 {[%emt 0:00:35]} Rc5 {[%emt 0:00:46]} 33. Qf2 {[%emt 0:06:31]} Re6 {[%emt 0:00:12]} 34. g6 {[%emt 0:01:40]} hxg6 {[%emt 0:06:45]} 35. h6 {[%emt 0:00:01]} Rg5 {[%emt 0:01:24]} 36. h7+ {[%emt 0:01:20]} Kh8 {[%emt 0:00:08]} 37. Rd7 {[%emt 0:00:30]} Bc5 {[%emt 0:03:15]} 38. Qb2+ {[%emt 0:00:48]} Ree5 {[%emt 0:00:26]} 39. Kf1 {[%emt 0:00:25]} c3 {[%emt 0:00:32]} 40. Qb7 {[%emt 0:00:00]} Qe8 {[%emt 0:00:00]} 41. Rg7 {[%emt 0:06:58]} Rgf5+ {[%emt 0:01:36]} 42. Kg1 {[%emt 0:00:57]} Bxe3+ {[%emt 0:00:37]} 43. Nxe3 {[%emt 0:01:29]} Rg5+ {[%emt 0:01:01]} 44. Kf2 {[%emt 0:01:54]} Rgf5+ {[%emt 0:14:10]} 45. Nxf5 {[%emt 0:00:45]} 1-0

[Event "35th European Club Cup 2019"]
[Site "Ulcinj"]
[Date "2019.11.13"]
[Round "4.28"]
[White "Stella, Andrea"]
[Black "Kokarev, Dmitry"]
[Result "1/2-1/2"]
[WhiteElo "2475"]
[BlackElo "2601"]
[Annotator "TA"]
[PlyCount "60"]
[EventDate "2019.11.10"]
[EventType "team-tourn"]
[EventCountry "MNE"]
[SourceTitle "playchess.com"]
[Source "ChessBase"]
[SourceQuality "1"]
[WhiteTeam "WorldTradingLab Club"]
[BlackTeam "Law & Order"]

{[%evp 19,60,10,14,2,2,2,2,0,0,0,0,-2,-3,-14,0,0,0,0,0,0,0,0,0,0,0,0,0,0,0,0,0,0,0,0,0,0,0,0,0,0,0,0,0]} 1. d4 Nf6 2. c4 g6 3. g3 c6 4. Bg2 d5 5. cxd5 cxd5 6. Nf3 Bg7 7. Ne5 Ne4 8. Nd2 Nd7 9. O-O O-O 10. Nxe4 dxe4 {The position is equal.} 11. Bxe4 {D79: Fianchetto Grünfeld: Symmetrical Variation (6 0-0 c6 7 cxd5 cxd5)} (11. Nxd7 Bxd7 12. Bxe4 Bh3 13. Bxb7 Rb8 14. Bg2 Bxg2 15. Kxg2 Bxd4 16. Bh6 Re8 17. Rb1 Bxb2 18. Qxd8 Rexd8 {1-0 (37) Ding,L (2805)-Vachier Lagrave,M (2778) Saint Louis 2019}) 11... Nxe5 12. dxe5 Bh3 13. Qxd8 Rfxd8 14. Re1 Bxe5 15. Bxb7 Rab8 16. Bg2 (16. Ba6 {with more complications.} Bf5 17. a4 Bxb2 18. Bxb2 Rxb2 19. Red1) 16... Bxg2 (16... Bf5 {is more complex.} 17. Bg5 Rd7 18. Rad1 Rxb2 19. Rxd7 Bxd7 20. Bxe7 Rxa2 21. Bc5 a5) 17. Kxg2 Bxb2 18. Rb1 Bxc1 19. Rexc1 Rxb1 20. Rxb1 $11 {[%mdl 4096] Endgame KR-KR} Rd2 21. Rb7 Rxe2 22. Rxa7 Kg7 23. h4 $146 ({Predecessor:} 23. Kf3 Rb2 {½-½ (24) Cuderman,V-Bradvarevic,A Sombor 1957}) 23... h5 24. Kf3 Rb2 25. Rxe7 Rxa2 26. Rb7 Kf6 27. Rb6+ Kg7 28. Kg2 Ra3 29. Rc6 Kg8 30. Rd6 Kg7 1/2-1/2

[Event "35th European Club Cup 2019"]
[Site "Ulcinj"]
[Date "2019.11.13"]
[Round "4.29"]
[White "Rozum, Ivan"]
[Black "Barp, Alberto"]
[Result "1/2-1/2"]
[WhiteElo "2593"]
[BlackElo "2382"]
[Annotator "ChessBase"]
[PlyCount "65"]
[EventDate "2019.11.10"]
[EventType "team-tourn"]
[EventCountry "MNE"]
[SourceTitle "playchess.com"]
[Source "ChessBase"]
[SourceQuality "1"]
[WhiteTeam "Law & Order"]
[BlackTeam "WorldTradingLab Club"]
[TimeControl "40/5400+30:1800+30"]

1. Nf3 {[%emt 0:00:00]} d5 {[%emt 0:00:00]} 2. g3 {[%emt 0:00:00]} c5 {[%emt 0:01:18]} 3. Bg2 {[%emt 0:00:00]} Nc6 {[%emt 0:00:10]} 4. d4 {[%emt 0:00:00]} Nf6 {[%emt 0:00:20]} 5. O-O {[%emt 0:00:00]} e6 {[%emt 0:00:31]} 6. c4 {[%emt 0:00:23]} dxc4 {[%emt 0:00:07]} 7. dxc5 {[%emt 0:02:02]} Qxd1 {[%emt 0:00:35]} 8. Rxd1 {[%emt 0:00:04]} Bxc5 {[%emt 0:00:06]} 9. Nbd2 {[%emt 0:00:15]} c3 {[%emt 0:00:15]} 10. bxc3 {[%emt 0:00:03]} O-O {[%emt 0:00:09]} 11. Nb3 {[%emt 0:01:24]} Be7 {[%emt 0:00:09]} 12. Nfd4 {[%emt 0:01:32]} Bd7 {[%emt 0:02:49]} 13. Nb5 {[%emt 0:03:54]} Rfd8 {[%emt 0:15:08]} 14. c4 {[%emt 0:00:54]} Rac8 {[%emt 0:15:46]} 15. Bb2 {[%emt 0:00:44]} b6 {[%emt 0:02:02]} 16. Nd6 {[%emt 0:12:41]} Bxd6 {[%emt 0:02:20]} 17. Rxd6 {[%emt 0:01:04]} Be8 {[%emt 0:00:14]} 18. Rxd8 {[%emt 0:00:19]} Nxd8 {[%emt 0:01:55]} 19. Rc1 {[%emt 0:01:22]} Bc6 {[%emt 0:00:17]} 20. f3 {[%emt 0:00:39]} Nd7 {[%emt 0:00:57]} 21. c5 {[%emt 0:05:21]} Bd5 {[%emt 0:00:32]} 22. cxb6 {[%emt 0:00:26]} Rxc1+ {[%emt 0:00:07]} 23. Nxc1 {[%emt 0:03:39]} axb6 {[%emt 0:00:44]} 24. e4 {[%emt 0:03:58]} Bc4 {[%emt 0:01:21]} 25. Bf1 {[%emt 0:06:31]} Bxf1 {[%emt 0:01:18]} 26. Kxf1 {[%emt 0:00:02]} Nc6 {[%emt 0:02:43]} 27. Nd3 {[%emt 0:05:33]} Kf8 {[%emt 0:08:51]} 28. Ke2 {[%emt 0:04:21]} g6 {[%emt 0:04:40]} 29. Nf2 {[%emt 0:13:20]} Ke7 {[%emt 0:11:25]} 30. Ba3+ {[%emt 0:01:23]} Ke8 {[%emt 0:02:08]} 31. Bb2 {[%emt 0:05:02]} Ke7 {[%emt 0:02:30]} 32. Ba3+ {[%emt 0:09:18]} Ke8 {[%emt 0:00:17]} 33. Bb2 {[%emt 0:10:31]} 1/2-1/2